राजेन्द्र यादव का कथा-साहित्य / (Record no. 19056)

MARC details
000 -LEADER
fixed length control field 01479nam a22002777a 4500
005 - DATE AND TIME OF LATEST TRANSACTION
control field 20081118152525.0
008 - FIXED-LENGTH DATA ELEMENTS--GENERAL INFORMATION
fixed length control field 081118t xxu||||| |||| 00| 0 hin d
010 ## - LCCN (DPL NO)
LC control number HIN-85108
020 ## - INTERNATIONAL STANDARD BOOK NUMBER
International Standard Book Number 8181291719
Terms of availability 400.00
035 ## - SYSTEM CONTROL NUMBER
System control number HN-57454
037 ## - SOURCE OF ACQUISITION
Source of stock number/acquisition DBAD / PUB
040 ## - CATALOGING SOURCE
Original cataloging agency DPL
Language of cataloging HN
082 ## - DEWEY DECIMAL CLASSIFICATION NUMBER
Classification number 820.8
100 ## - MAIN ENTRY--PERSONAL NAME
Personal name मकवाणा, सामंत बी.
245 ## - TITLE STATEMENT
Title राजेन्द्र यादव का कथा-साहित्य /
Statement of responsibility, etc सामंत बी. मकवाणा
246 ## - VARYING FORM OF TITLE
Title proper/short title Rajender Yadav kaa kathaa-saahitya
Remainder of title by Samant B. Makvana
260 ## - PUBLICATION, DISTRIBUTION, ETC. (IMPRINT)
Place of publication, distribution, etc नई दिल्ली
Name of publisher, distributor, etc नमन प्रकाशन
Date of publication, distribution, etc 2008
270 ## - ADDRESS
Address 4231/1, अंसारी रोड़, दरियागंज
City नई दिल्ली
Postal code 110002
Telephone number 011-23247003, 23254306
300 ## - PHYSICAL DESCRIPTION
Extent 240 पृ
Dimensions 22 सेमी (सजिल्द)
600 ## - SUBJECT ADDED ENTRY--PERSONAL NAME
Personal name यादव, राजेन्द्र, 1929-
General subdivision व्याख्या एवं समालोचना
600 ## - SUBJECT ADDED ENTRY--PERSONAL NAME
Personal name Yadav, Rajendra, 1929-
General subdivision Criticism and interpretation.
650 ## - SUBJECT ADDED ENTRY--TOPICAL TERM
Topical term or geographic name as entry element हिन्दी कथा साहित्य
General subdivision इतिहास एवं समालोचना
650 ## - SUBJECT ADDED ENTRY--TOPICAL TERM
Topical term or geographic name as entry element Hindi fiction
General subdivision History and criticism
942 ## - ADDED ENTRY ELEMENTS (KOHA)
Source of classification or shelving scheme Dewey Decimal Classification
Item type Hindi Books
Call number suffix मकवा
Classification part 820.8
Holdings
Withdrawn status Lost status Source of classification or shelving scheme Damaged status Not for loan Home library Current library Date acquired Cost, normal purchase price Total Checkouts Full call number Barcode Date last seen Copy number Cost, replacement price Koha item type
    Dewey Decimal Classification   Not For Loan D.B.Act.Division D.B.Act.Division 25/11/2008 400.00   820.8 मकवा HN--57454 25/11/2008 1 400.00 Hindi Books

© Delhi Public Library
Hit Counter
free hit counter